| 000 | 01231nam a22001937a 4500 | ||
|---|---|---|---|
| 008 | 240425t2024 xxk|||||o|||| 00| 0 eng d | ||
| 041 | _aeng | ||
| 110 | _aRoyal Institution of Chartered Surveyors | ||
| 245 |
_aUK Commercial Property Monitor _bQ1 2024 _h[Electronic resource] |
||
| 260 |
_aLondon, _bRoyal Institution of Chartered Surveyors, _cApril 2024 |
||
| 490 |
_aRICS UK Commercial Property Monitor _vQ1 2024 |
||
| 520 | _aThe Q1 2024 RICS UK Commercial Property Monitor results show tentative signs that the market is shifting towards a recovery phase, albeit the current backdrop remains challenging given the relatively restrictive interest rate setting alongside structural headwinds. In keeping with this, the largest share of respondents now view the market as either having reached a floor for this cycle (35%) or having entered the early stages of an upturn (38%). | ||
| 650 | _aCOMMERCIAL PROPERTY | ||
| 651 | _aUnited Kingdom | ||
| 690 |
_96227 _aCommercial property |
||
| 710 | _aRoyal Institution of Chartered Surveyors | ||
| 856 |
_uhttps://www.rics.org/content/dam/ricsglobal/documents/market-surveys/Q1-2024-RICS-UK-Commercial-Propety-Monitor.pdf _zAvailable free on RICS.org |
||
| 942 | _n0 | ||
| 999 |
_c121918 _d121918 |
||